Statistics for Swansea City FC 2022-23 Squad

Click here to take the quiz!

General Stats

  • This quiz has been taken 79 times
    (25 since last reset)
  • The average score is 19 of 30

Answer Stats

HintAnswer% Correct
1 - GKAndy Fisher
95%
5 - DEFBenjamin Cabango
90%
6 - DEFHarry Darling
86%
4 - MIDJay Fulton
86%
8 - MIDMatt Grimes
86%
31 - MIDOllie Cooper
86%
13 - GKSteven Benda
86%
16 - DEFBrandon Cooper
81%
17 - ATTJoel Ramzan Piroe
81%
7 - MIDJoe Allen
76%
26 - DEFKyle Naughton
76%
3 - DEFRyan Manning
76%
12 - ATTJamie Paterson
71%
10 - MIDJules Olivier Ntcham
71%
25 - GKLewis Webb
71%
20 - ATTLiam Cullen
71%
23 - DEFNathan Wood
71%
45 - MIDCameron Congreve
67%
18 - MID
(In on loan)
Luke Cundle
67%
22 - DEFJoel Latibeaudiere
62%
11 - ATTMorgan Whittaker
62%
29 - DEFMatty Sorinola
48%
MANRussell Martin
43%
27 - GKAndreas Sondergaard
38%
28 - MIDLiam Walsh
38%
15 - DEFNathanael Ogbeta
33%
37 - MIDDaniel Williams
29%
14 - ATT
(Out on loan)
Kyle Joseph
29%
36 - MIDBen Lloyd
19%
38 - ATTLiam Smith
19%

Score Distribution

Percentile by Number Answered

Percent of People with Each Score

Your Score History

You have not taken this quiz since the last reset